Smallest Countries of Asia per Letter Minefield Quiz Stats

Quiz Updated Aug 31, 2016

Score 0/20 Timer 07:00
10 Plays Today
Letter Country % Correct
Y???
60%
Q???
59.2%
O???
55.9%
B???
50.6%
S???
46.2%
I???
45.8%
K???
41.5%
J???
40.9%
A???
40.8%
V???
37.7%
Letter Country % Correct
U???
36.5%
G???
35.1%
M???
34.5%
L???
33.7%
P???
31.7%
T???
30.6%
C???
27.9%
N???
19%
R???
18.5%
Mines???
9.1%

You're not logged in!

Compare scores with friends on all Sporcle quizzes.
Sign Up with Email
OR
Log In

Show Comments

Extras

Top Quizzes Today


Score Distribution

Your Account Isn't Verified!

In order to create a playlist on Sporcle, you need to verify the email address you used during registration. Go to your Sporcle Settings to finish the process.